00534nam a2200169Ia 4500008004100000082001800041100002200059245006500081250000800146260002800154300001100182500002400193650001500217942000700232952010800239999001700347230524s9999 xx 000 0 und d a621.3895bBAL aM.N.Bandyopadhyay 0aPower Electronics and Solid State Drives (Theory & Practice) aIST aNEW DELHIbKhannac1998 aIX;432 aQuantity Number: 1 aElectrical cBK 00104070aTATCLbTATCLcGENd2023-05-24l0o621.3895 BALp19488r2023-05-24w2023-05-24yBKzCPEC5203 c37533d37533